Vedecko-expozičné centrum NEWTON

Guardado en:
Detalles Bibliográficos
Autor principal: Tóthová, Miroslava (Autor)
Otros Autores: Bosák, Lukáš (Orientador)
Formato: Manuscrito Libro
Lenguaje:eslovaco
Publicado: 2025
Materias:
Acceso en línea:http://is.stuba.sk/zp/portal_zp.pl?podrobnosti=181897
CRZP
Etiquetas: Agregar Etiqueta
Sin Etiquetas, Sea el primero en etiquetar este registro!

MARC

LEADER 00000ntm a22000003a 4500
001 stuzp104527
003 SK-STU
005 20250801122637.4
007 ta
008 150427s2015----xo-----f-mn---000-0-slo-d
040 |a STU  |b slo 
041 0 |a slo 
100 1 |a Tóthová, Miroslava  |u 010180  |4 aut  |U SvF Stavebná fakulta  |T SvF Katedra konštrukcií pozemných stavieb  |X 104387  |U V180  |Y 18  |7 104387 
242 0 1 |a NEWTON Scientific and Exhibition Centre  |y eng 
245 1 0 |a Vedecko-expozičné centrum NEWTON 
260 |c 2025 
650 4 |a Scientific and Exhibition Centre  |2 eng 
650 4 |a kinetic facade  |2 eng 
650 4 |a curtain wall  |2 eng 
650 4 |a grid ceiling structure  |2 eng 
650 4 |a Construction Implementation Plan  |2 eng 
650 4 |a roštová stropná konštrukcia  |2 slo 
650 4 |a Vedecko-expozičné centrum  |2 slo 
650 4 |a kinetická fasáda  |2 slo 
650 4 |a ľahký obvodový plášť  |2 slo 
650 4 |a projekt pre realizáciu stavby  |2 slo 
700 1 |a Bosák, Lukáš  |u 010180  |k Z1  |4 ths  |U SvF Stavebná fakulta  |T SvF Katedra konštrukcií pozemných stavieb  |X 57762  |U V180  |Y 18  |7 A000057762 
856 4 |u http://is.stuba.sk/zp/portal_zp.pl?podrobnosti=181897 
856 4 |u https://opac.crzp.sk/?fn=detailBiblioForm&sid=BBB70232DB8D19E5FE2CBEDCF3EF  |z CRZP